[Event "España tch DH-2 2009"]
[Site "Lugo"]
[Date "2009.09.20"]
[Round "1.11"]
[White "Recuero Guerra, David"]
[Black "Gelfand, Boris"]
[Result "0-1"]
[WhiteElo "2492"]
[BlackElo "2756"]
[PlyCount "62"]
[EventDate "2009.09.20"]
[EventType "team"]
[EventRounds "5"]
[EventCountry "ESP"]
[Source "lmi"]
[SourceDate "2009.09.20"]

1. e4 c5 2. Nf3 d6 3. d4 cxd4 4. Nxd4 Nf6 5. Nc3 a6 6. Be3 e5 7. Nb3 Be7 8. f4
O-O 9. Be2 b5 10. a4 Bb7 11. fxe5 Nxe4 12. Nxe4 Bxe4 13. Bf3 Bxf3 14. Qxf3 Nd7
15. exd6 Ne5 16. Qe4 Bxd6 17. axb5 Re8 18. O-O-O axb5 19. Qd4 Nc4 20. Bf4 Bxf4+
21. Qxf4 Qe7 22. Qd4 Ra2 23. Kb1 Rxb2+ 24. Qxb2 Nxb2 25. Kxb2 Qf6+ 26. Kb1 Re2
27. Rhe1 Rxe1 28. Rxe1 h5 29. Rd1 Qf2 30. Rd8+ Kh7 31. Rd5 g6 0-1

[Event "España tch DH-2 2009"]
[Site "Lugo"]
[Date "2009.09.20"]
[Round "1.12"]
[White "Kasimdzhanov, Rustam"]
[Black "Perez Garcia, Rodney"]
[Result "1-0"]
[WhiteElo "2702"]
[BlackElo "2426"]
[PlyCount "107"]
[EventDate "2009.09.20"]
[EventType "team"]
[EventRounds "5"]
[EventCountry "ESP"]
[Source "lmi"]
[SourceDate "2009.09.20"]

1. d4 d5 2. c4 c6 3. Nf3 Nf6 4. Nc3 dxc4 5. a4 e6 6. e3 c5 7. Bxc4 Nc6 8. O-O
cxd4 9. exd4 Be7 10. Qe2 O-O 11. Rd1 Nd5 12. Bb3 Ncb4 13. Ne5 Bd7 14. Qg4 Nf6
15. Qg3 Bc6 16. Bh6 Ne8 17. Rac1 Kh8 18. Nxc6 bxc6 19. Bf4 Nd6 20. Be5 Nf5 21.
Qh3 Qb6 22. Ne4 Rad8 23. Ng3 Nd5 24. Nxf5 exf5 25. Bc2 Kg8 26. Bxf5 g6 27. Bd7
Qxb2 28. Bxc6 Bg5 29. Rc5 Nf4 30. Qg4 Ne6 31. Rb5 Qc2 32. d5 h5 33. Qf3 Ng7 34.
Rb2 Qc5 35. g3 Nf5 36. h4 Be7 37. Rb7 Bd6 38. Qc3 Qxc3 39. Bxc3 Bc5 40. Rb5 Bd6
41. Kf1 Rb8 42. Rdb1 Rfc8 43. Bf6 Kf8 44. Rb7 a5 45. Bd7 Rxb7 46. Rxb7 Ra8 47.
Bxf5 gxf5 48. Rd7 Bb4 49. d6 Ke8 50. Re7+ Kf8 51. Re5 Bxd6 52. Rxf5 Ke8 53.
Rxh5 Kd7 54. Rb5 1-0

[Event "España tch DH-2 2009"]
[Site "Lugo"]
[Date "2009.09.20"]
[Round "1.13"]
[White "Andres Gonzalez, Ivan"]
[Black "Van Wely, Loek"]
[Result "0-1"]
[WhiteElo "2361"]
[BlackElo "2650"]
[PlyCount "90"]
[EventDate "2009.09.20"]
[EventType "team"]
[EventRounds "5"]
[EventCountry "ESP"]
[Source "lmi"]
[SourceDate "2009.09.20"]

1. e4 c5 2. Nf3 e6 3. d4 cxd4 4. Nxd4 Nf6 5. Nc3 d6 6. Be2 a6 7. O-O Be7 8. f4
O-O 9. Kh1 Qc7 10. Be3 b5 11. Bf3 Bb7 12. a3 Nbd7 13. Qe1 Rfe8 14. Rd1 Rac8 15.
Nb3 Qb8 16. Bd4 e5 17. fxe5 Nxe5 18. Qg3 Bf8 19. Qh4 Qc7 20. Nd2 Re6 21. Qf2
Rce8 22. Bb6 Qc8 23. Nb3 Nc4 24. Nd4 Nxb2 25. Rb1 Re5 26. Ncxb5 axb5 27. Rxb2
Qd7 28. Ba5 Nxe4 29. Bxe4 Rxe4 30. Bc3 R8e5 31. Rb4 Qe8 32. Nf5 Re2 33. Nh6+
gxh6 34. Rg4+ Rg5 35. Qf6 Ree5 36. Rxg5+ hxg5 37. Bxe5 dxe5 38. Rf5 h6 39. Rxe5
Qd7 40. Qf1 Qd2 41. Re2 Qd5 42. Re3 Bd6 43. Re8+ Kg7 44. Re3 Qd4 45. Re1 Qh4
0-1

[Event "España tch DH-2 2009"]
[Site "Lugo"]
[Date "2009.09.20"]
[Round "1.14"]
[White "Bauer, Christian"]
[Black "Recuero Guerra, Javier"]
[Result "1-0"]
[WhiteElo "2590"]
[BlackElo "2326"]
[PlyCount "113"]
[EventDate "2009.09.20"]
[EventType "team"]
[EventRounds "5"]
[EventCountry "ESP"]
[Source "lmi"]
[SourceDate "2009.09.20"]

1. d4 e6 2. Nf3 Nf6 3. g3 b6 4. Bg2 Bb7 5. c4 Be7 6. O-O O-O 7. Re1 d6 8. d5 e5
9. Nc3 Nbd7 10. e4 c6 11. dxc6 Bxc6 12. Re2 Nc5 13. Ne1 Rc8 14. b3 Qc7 15. Nc2
Qb7 16. Nb4 Bxe4 17. Nxe4 Nfxe4 18. Rxe4 Nxe4 19. Qd5 Qd7 20. Qxe4 f5 21. Qe2
Kh8 22. Nd5 Rf7 23. Ba3 Bf8 24. Rd1 Rd8 25. Bb4 Re8 26. a4 Re6 27. Ra1 Rh6 28.
Bd2 Re6 29. a5 bxa5 30. Rxa5 Qd8 31. b4 Qb8 32. b5 Re8 33. Ra6 Rc8 34. Nb4 e4
35. Nc6 Qa8 36. Be3 Rcc7 37. Qa2 h6 38. h4 Kh7 39. Nxa7 Qe8 40. b6 Rb7 41. Nb5
Rfd7 42. Nc3 Qf7 43. Ra5 Kg8 44. Bh3 g6 45. h5 d5 46. hxg6 Qxg6 47. Nxd5 Rf7
48. Nf4 Qc6 49. Bxf5 Rf6 50. c5+ Kh8 51. Bd4 Rg7 52. Qd5 Qxd5 53. Nxd5 Rxf5 54.
b7 Rxd5 55. Bxg7+ Kxg7 56. b8=Q Bxc5 57. Qb7+ 1-0

[Event "España tch DH-2 2009"]
[Site "Lugo"]
[Date "2009.09.20"]
[Round "1.15"]
[White "Roiz Baztan, David"]
[Black "San Segundo Carrillo, Pablo"]
[Result "1-0"]
[WhiteElo "2265"]
[BlackElo "2565"]
[PlyCount "103"]
[EventDate "2009.09.20"]
[EventType "team"]
[EventRounds "5"]
[EventCountry "ESP"]
[Source "lmi"]
[SourceDate "2009.09.20"]

1. e4 c5 2. Nf3 d6 3. d4 Nf6 4. Nc3 cxd4 5. Nxd4 g6 6. Be3 Bg7 7. f3 Nc6 8. Qd2
O-O 9. Bc4 Bd7 10. h4 Ne5 11. Bb3 Rc8 12. O-O-O h5 13. Bg5 Rc5 14. Kb1 b5 15.
g4 hxg4 16. h5 Nxh5 17. Nd5 Re8 18. Rxh5 gxh5 19. Qh2 Rxd5 20. Bxd5 Qb6 21.
Qxh5 e6 22. Nf5 exf5 23. f4 Ng6 24. Bf6 Be6 25. exf5 Bxd5 26. Bxg7 Kxg7 27.
fxg6 fxg6 28. Qxd5 g3 29. a3 Re2 30. f5 g2 31. f6+ Kxf6 32. Qf3+ Kg5 33. Rd5+
Re5 34. Qxg2+ Kf6 35. Rd3 Qc5 36. Qd2 Ke7 37. Rc3 Qg1+ 38. Ka2 Qh1 39. Rc7+ Ke6
40. Qf2 Qd5+ 41. c4 Qxc4+ 42. Rxc4 bxc4 43. Qxa7 g5 44. Qd4 d5 45. a4 Re4 46.
Qb6+ Ke5 47. a5 g4 48. Qc7+ Kd4 49. a6 Re6 50. a7 Ra6+ 51. Kb1 g3 52. Qxg3 1-0

[Event "España tch DH-2 2009"]
[Site "Lugo"]
[Date "2009.09.20"]
[Round "1.16"]
[White "Gonzalez De La Torre, Santiago"]
[Black "Sanchez Repullo, Daniel"]
[Result "1-0"]
[WhiteElo "2399"]
[BlackElo "2234"]
[PlyCount "65"]
[EventDate "2009.09.20"]
[EventType "team"]
[EventRounds "5"]
[EventCountry "ESP"]
[Source "lmi"]
[SourceDate "2009.09.20"]

1. e4 e5 2. Nf3 Nc6 3. Bb5 a6 4. Ba4 Nf6 5. O-O Be7 6. Re1 b5 7. Bb3 d6 8. c3
O-O 9. h3 Na5 10. Bc2 c5 11. d4 Qc7 12. Nbd2 Re8 13. Nf1 Bb7 14. d5 Bf8 15. b3
Reb8 16. a4 Bc8 17. b4 Nb7 18. Bg5 Ne8 19. Qe2 f6 20. Be3 c4 21. axb5 axb5 22.
Ba7 Nd8 23. Bxb8 Rxb8 24. Qe3 Rb6 25. N3d2 g6 26. Ra8 Bb7 27. Ra7 Nf7 28. Rea1
Bh6 29. Qe2 Ng7 30. Ne3 Qd7 31. Ndxc4 bxc4 32. Nxc4 Rb5 33. Ba4 1-0

[Event "España tch DH-2 2009"]
[Site "Lugo"]
[Date "2009.09.20"]
[Round "1.21"]
[White "Gashimov, Vugar"]
[Black "Almasi, Zoltan"]
[Result "1/2-1/2"]
[WhiteElo "2740"]
[BlackElo "2685"]
[PlyCount "51"]
[EventDate "2009.09.20"]
[EventType "team"]
[EventRounds "5"]
[EventCountry "ESP"]
[Source "lmi"]
[SourceDate "2009.09.20"]

1. e4 e5 2. Nf3 Nc6 3. Bb5 Nf6 4. O-O Nxe4 5. d4 Nd6 6. Bxc6 dxc6 7. dxe5 Nf5
8. Qxd8+ Kxd8 9. Nc3 Ke8 10. Ne2 Ne7 11. Re1 c5 12. Nc3 Be6 13. Ng5 Kd7 14.
Nce4 Nf5 15. Nxe6 fxe6 16. c3 Be7 17. Rd1+ Kc6 18. Bg5 Bxg5 19. Nxg5 Rae8 20.
Rd2 h6 21. Nf3 Rd8 22. Rad1 Rxd2 23. Rxd2 Rf8 24. Rd3 b5 25. g3 a5 26. Kg2
1/2-1/2

[Event "España tch DH-2 2009"]
[Site "Lugo"]
[Date "2009.09.20"]
[Round "1.22"]
[White "Landa, Konstantin"]
[Black "Vallejo Pons, Francisco"]
[Result "1-0"]
[WhiteElo "2655"]
[BlackElo "2696"]
[PlyCount "56"]
[EventDate "2009.09.20"]
[EventType "team"]
[EventRounds "5"]
[EventCountry "ESP"]
[Source "lmi"]
[SourceDate "2009.09.20"]

1. d4 d5 2. c4 e6 3. Nf3 Nf6 4. g3 dxc4 5. Bg2 a6 6. O-O Nc6 7. Bg5 Be7 8. e3
Nd5 9. Bxe7 Qxe7 10. Qc1 Nb6 11. Nfd2 Qb4 12. a3 Qb5 13. Nc3 Qf5 14. Nce4 e5
15. Nxc4 Nxc4 16. Qxc4 exd4 17. Nd6+ cxd6 18. Bxc6+ Ke7 19. Bd5 Be6 20. Qc7+
Kf6 21. e4 Qh5 22. Qxd6 Rhd8 23. Qf4+ Ke7 24. Qc7+ Kf8 25. Rfd1 Rac8 26. Qxb7
Bxd5 27. Qb4+ Kg8 28. Qxd4 Rd6 1-0

[Event "España tch DH-2 2009"]
[Site "Lugo"]
[Date "2009.09.20"]
[Round "1.24"]
[White "Safarli, Eltaj"]
[Black "Graf, Alexander"]
[Result "1/2-1/2"]
[WhiteElo "2587"]
[BlackElo "2596"]
[PlyCount "71"]
[EventDate "2009.09.20"]
[EventType "team"]
[EventRounds "5"]
[EventCountry "ESP"]
[Source "lmi"]
[SourceDate "2009.09.20"]

1. e4 e6 2. d4 d5 3. Nc3 Nf6 4. Bg5 Be7 5. e5 Nfd7 6. Bxe7 Qxe7 7. f4 Nb6 8.
Nf3 Bd7 9. Bd3 c5 10. O-O cxd4 11. Nxd4 Nc6 12. Nce2 O-O 13. c3 f6 14. exf6
Rxf6 15. Qd2 Raf8 16. Qe3 Qc5 17. b4 Qd6 18. Nf3 Be8 19. Rae1 Bh5 20. Ned4 Bg4
21. Ng5 Nxd4 22. Bxh7+ Kh8 23. cxd4 Qxb4 24. h3 Bf5 25. Bxf5 exf5 26. a3 Qa4
27. Kh2 Nc4 28. Qf3 Nd2 29. Qh5+ Rh6 30. Nf7+ Rxf7 31. Qxf7 Nxf1+ 32. Rxf1 Qxd4
33. Qf8+ Kh7 34. Qxf5+ Rg6 35. Qh5+ Rh6 36. Qf5+ 1/2-1/2

[Event "España tch DH-2 2009"]
[Site "Lugo"]
[Date "2009.09.20"]
[Round "1.25"]
[White "Salgado Lopez, Ivan"]
[Black "Fernandez Romero, Ernesto"]
[Result "1-0"]
[WhiteElo "2555"]
[BlackElo "2457"]
[PlyCount "109"]
[EventDate "2009.09.20"]
[EventType "team"]
[EventRounds "5"]
[EventCountry "ESP"]
[Source "lmi"]
[SourceDate "2009.09.20"]

1. e4 e5 2. Nf3 Nc6 3. Bb5 a6 4. Ba4 Nf6 5. O-O Be7 6. Re1 b5 7. Bb3 d6 8. c3
O-O 9. h3 Rb8 10. d4 exd4 11. cxd4 d5 12. exd5 Nxd5 13. Nc3 Nxc3 14. bxc3 Na5
15. Ne5 Rb6 16. d5 Bf5 17. Be3 Rb8 18. Qf3 Bg6 19. Nc6 Nxc6 20. dxc6 Bd6 21.
Bf4 Bxf4 22. Qxf4 Rb6 23. Rad1 Qf6 24. Qxf6 gxf6 25. Bd5 Rc8 26. Re7 Kf8 27.
Rd7 b4 28. cxb4 Rxb4 29. Re1 Rb5 30. g4 Re8 31. Rxe8+ Kxe8 32. Bb3 Rc5 33. Rxc7
Kd8 34. Rd7+ Kc8 35. Bxf7 Rxc6 36. Ra7 f5 37. Bxg6 Rxg6 38. Rxh7 fxg4 39. h4 g3
40. f3 Rb6 41. Kg2 Rb2+ 42. Kxg3 Rxa2 43. h5 Ra1 44. Kg4 Kd8 45. f4 Ke8 46. Kg5
Kf8 47. Ra7 Kg8 48. h6 a5 49. f5 Rg1+ 50. Kf6 Rh1 51. Rg7+ Kf8 52. Kg6 Rg1+ 53.
Kh7 Rf1 54. Ra7 Rxf5 55. Kg6 1-0

[Event "España tch DH-2 2009"]
[Site "Lugo"]
[Date "2009.09.20"]
[Round "1.26"]
[White "De Nacimiento Montano, Angel"]
[Black "Paunovic, Dragan"]
[Result "1/2-1/2"]
[WhiteElo "2168"]
[BlackElo "2556"]
[PlyCount "159"]
[EventDate "2009.09.20"]
[EventType "team"]
[EventRounds "5"]
[EventCountry "ESP"]
[Source "lmi"]
[SourceDate "2009.09.20"]

1. d4 Nf6 2. Nf3 g6 3. g3 Bg7 4. Bg2 O-O 5. O-O d5 6. b3 c5 7. dxc5 Ne4 8. c3
Na6 9. Be3 Naxc5 10. Bd4 Bxd4 11. cxd4 Ne6 12. Nbd2 Nc3 13. Qe1 Bd7 14. Nb1 Ne4
15. Nc3 Rc8 16. Nxd5 Bb5 17. Nd2 Qxd5 18. Nxe4 Qxd4 19. Rd1 Qb6 20. Nc3 Rxc3
21. Qxc3 Bxe2 22. Rd7 Bxf1 23. Bxf1 Re8 24. Qf3 Nd8 25. Bc4 e6 26. Qf6 Rf8 27.
h4 Qa5 28. h5 Qf5 29. Qxf5 gxf5 30. b4 Kg7 31. Be2 a6 32. a4 Kf6 33. Bf3 h6 34.
a5 e5 35. Bxb7 Nxb7 36. Rxb7 Kg5 37. f4+ exf4 38. gxf4+ Kxh5 39. Rb6 Ra8 40.
Kf2 Kg4 41. Rxh6 Kxf4 42. Rf6 Ra7 43. Rc6 Kg4 44. Rc5 Rb7 45. Rc6 Rxb4 46. Rxa6
Rb2+ 47. Ke1 Ra2 48. Rf6 Rxa5 49. Rxf7 f4 50. Kf2 Ra2+ 51. Kg1 Kg3 52. Rg7+ Kf3
53. Rb7 Ra1+ 54. Kh2 Re1 55. Rf7 Re2+ 56. Kg1 Re8 57. Rf6 Rg8+ 58. Kf1 Ra8 59.
Kg1 Rd8 60. Rf7 Rd3 61. Rf8 Rd1+ 62. Kh2 Re1 63. Rf7 Ke3 64. Kg2 Re2+ 65. Kf1
Rc2 66. Rf8 Kf3 67. Kg1 Rc1+ 68. Kh2 Rf1 69. Ra8 Re1 70. Rf8 Re7 71. Kg1 Rh7
72. Rf6 Rg7+ 73. Kf1 Rc7 74. Kg1 Rc1+ 75. Kh2 Rc4 76. Kg1 Rb4 77. Rf8 Rb1+ 78.
Kh2 Rf1 79. Ra8 Rd1 80. Rf8 1/2-1/2

[Event "España tch DH-2 2009"]
[Site "Lugo"]
[Date "2009.09.20"]
[Round "1.32"]
[White "Aleksandrov, Aleksej"]
[Black "Crespi Lopez, Juan Josep"]
[Result "0-1"]
[WhiteElo "2639"]
[BlackElo "1981"]
[PlyCount "72"]
[EventDate "2009.09.20"]
[EventType "team"]
[EventRounds "5"]
[EventCountry "ESP"]
[Source "lmi"]
[SourceDate "2009.09.20"]

1. d4 Nf6 2. c4 e6 3. Nc3 Bb4 4. e3 O-O 5. Nge2 Re8 6. Bd2 d5 7. cxd5 exd5 8.
g3 a5 9. Bg2 Na6 10. O-O Bf8 11. a3 c6 12. h3 Nc7 13. Qc2 Ne6 14. Kh2 g6 15.
Rad1 b6 16. f3 Ba6 17. Be1 c5 18. dxc5 bxc5 19. Bf2 Rb8 20. f4 Qb6 21. Rd2 Bc4
22. g4 d4 23. exd4 Nxd4 24. Nxd4 Bxf1 25. Bxf1 cxd4 26. Bxd4 Qc7 27. Rf2 Qd8
28. Qd3 Bg7 29. Rd2 h6 30. Bg2 Qd6 31. Ne2 Rbd8 32. Kh1 Qe7 33. Qf3 Rxd4 34.
Rxd4 Qxe2 35. Qxe2 Rxe2 36. b4 Re1+ 0-1

[Event "España tch DH-2 2009"]
[Site "Lugo"]
[Date "2009.09.20"]
[Round "1.33"]
[White "Alsina Leal, Daniel"]
[Black "Korneev, Oleg"]
[Result "1/2-1/2"]
[WhiteElo "2544"]
[BlackElo "2554"]
[PlyCount "70"]
[EventDate "2009.09.20"]
[EventType "team"]
[EventRounds "5"]
[EventCountry "ESP"]
[Source "lmi"]
[SourceDate "2009.09.20"]

1. e4 c5 2. Nf3 e6 3. d4 cxd4 4. Nxd4 Nc6 5. Nc3 a6 6. Be2 Qc7 7. O-O Nf6 8.
Be3 Bb4 9. Na4 Be7 10. Nxc6 bxc6 11. Nb6 Rb8 12. Nxc8 Qxc8 13. Bd4 c5 14. Be5
Rb6 15. Qd3 d6 16. Bc3 O-O 17. b3 d5 18. exd5 Nxd5 19. Be5 Bf6 20. Bxf6 Nxf6
21. Rad1 h6 22. Bf3 Qc7 23. Rd2 e5 24. Rfd1 g6 25. Be2 Kg7 26. h3 Re8 27. Qe3
e4 28. Bc4 Qe5 29. a4 a5 30. Re2 Rd6 31. Rxd6 Qxd6 32. Qc3 Qd1+ 33. Kh2 Qd6+
34. Kg1 Qd1+ 35. Kh2 Qd6+ 1/2-1/2

[Event "España tch DH-2 2009"]
[Site "Lugo"]
[Date "2009.09.20"]
[Round "1.34"]
[White "Vera Gonzalez-Quevedo, Reynaldo"]
[Black "Gonzalez Garcia, Jose"]
[Result "1/2-1/2"]
[WhiteElo "2491"]
[BlackElo "2509"]
[PlyCount "65"]
[EventDate "2009.09.20"]
[EventType "team"]
[EventRounds "5"]
[EventCountry "ESP"]
[Source "lmi"]
[SourceDate "2009.09.20"]

1. Nf3 Nf6 2. c4 c6 3. d4 d5 4. cxd5 cxd5 5. Nc3 Nc6 6. Bf4 Bf5 7. e3 e6 8. Qb3
Bb4 9. Bb5 O-O 10. O-O Bxc3 11. Qxc3 Rc8 12. Rfc1 Ne4 13. Qa3 Qb6 14. Bxc6 bxc6
15. Ne5 g5 16. Bg3 Rc7 17. Nd3 Nxg3 18. hxg3 Bxd3 19. Qxd3 c5 20. dxc5 Rxc5 21.
Rc2 Rfc8 22. Rac1 Rc4 23. b3 Rxc2 24. Rxc2 Rxc2 25. Qxc2 d4 26. exd4 Qxd4 27.
Qe2 Kg7 28. g4 h6 29. g3 a5 30. Kg2 Qd5+ 31. Kh2 Qd4 32. Kg2 Qd5+ 33. Kh2
1/2-1/2

[Event "España tch DH-2 2009"]
[Site "Lugo"]
[Date "2009.09.20"]
[Round "1.35"]
[White "Fluvia Poyatos, Joan"]
[Black "Fernandez Garcia, Jose Luis"]
[Result "1/2-1/2"]
[WhiteElo "2478"]
[BlackElo "2431"]
[PlyCount "119"]
[EventDate "2009.09.20"]
[EventType "team"]
[EventRounds "5"]
[EventCountry "ESP"]
[Source "lmi"]
[SourceDate "2009.09.20"]

1. e4 Nf6 2. e5 Nd5 3. d4 d6 4. Nf3 Bg4 5. Be2 c6 6. c4 Nb6 7. exd6 exd6 8. O-O
Be7 9. h3 Bh5 10. Nc3 O-O 11. Re1 Na6 12. b3 Nc7 13. Bd3 Bg6 14. Be3 d5 15. Ne5
Bb4 16. Bxg6 fxg6 17. Rc1 Ne6 18. Qg4 Rf5 19. Red1 Bxc3 20. Rxc3 Nd7 21. Qg3
Nxe5 22. dxe5 d4 23. Bc1 Qa5 24. Rc2 Qxe5 25. Qd3 Qf6 26. Re2 Rf8 27. Qe4 Nf4
28. Ree1 d3 29. Bxf4 Rxf4 30. Qxd3 Rxf2 31. Rd2 h6 32. Qe3 Rf1+ 33. Rxf1 Qxf1+
34. Kh2 Qf7 35. Re2 a6 36. Qe6 Rd8 37. Qxf7+ Kxf7 38. Kg3 g5 39. Rf2+ Kg6 40.
Re2 Rd3+ 41. Kf2 Kf7 42. Ke1 g4 43. hxg4 Rg3 44. Rd2 Ke7 45. Kf2 Rxg4 46. Kf3
Rg6 47. Rd4 Rf6+ 48. Ke3 Re6+ 49. Kf3 Rd6 50. Rg4 Kf7 51. c5 Rf6+ 52. Ke3 Rg6
53. Rb4 Rxg2 54. Rxb7+ Ke6 55. Rb6 Kd5 56. Rxa6 Kxc5 57. Kf3 Rg5 58. Ra5+ Kb4
59. Rxg5 hxg5 60. a4 1/2-1/2

[Event "España tch DH-2 2009"]
[Site "Lugo"]
[Date "2009.09.20"]
[Round "1.36"]
[White "Cabrera Trujillo, Jorge Juan"]
[Black "Fluvia Poyatos, Jordi"]
[Result "0-1"]
[WhiteElo "2410"]
[BlackElo "2467"]
[PlyCount "82"]
[EventDate "2009.09.20"]
[EventType "team"]
[EventRounds "5"]
[EventCountry "ESP"]
[Source "lmi"]
[SourceDate "2009.09.20"]

1. e4 c6 2. d4 d5 3. Nd2 dxe4 4. Nxe4 Nd7 5. Nf3 Ngf6 6. Ng3 c5 7. dxc5 e6 8.
b4 b6 9. Be2 bxc5 10. b5 Bb7 11. c4 Qc7 12. O-O Bd6 13. Qd2 O-O-O 14. Bb2 h5
15. Rfd1 Bf4 16. Qc2 h4 17. Nf1 g5 18. Ne1 g4 19. Rxd7 Nxd7 20. Bxh8 Rxh8 21.
Bxg4 Ne5 22. Bh3 Rg8 23. Rd1 f5 24. Kh1 Nf7 25. f3 Ng5 26. Qf2 Nxh3 27. gxh3
Be5 28. Qe2 Rg6 29. Ng2 Bd4 30. Nd2 e5 31. Nb3 Rg5 32. Nxd4 cxd4 33. Qd2 f4 34.
Rf1 Qd7 35. c5 Qxb5 36. Kg1 Kb8 37. Qc2 Qd7 38. Rb1 d3 39. Qc3 Qxh3 40. Rxb7+
Kxb7 41. Qb3+ Kc8 0-1

[Event "España tch DH-2 2009"]
[Site "Lugo"]
[Date "2009.09.21"]
[Round "2.12"]
[White "Aleksandrov, Aleksej"]
[Black "Kasimdzhanov, Rustam"]
[Result "1/2-1/2"]
[WhiteElo "2639"]
[BlackElo "2702"]
[PlyCount "34"]
[EventDate "2009.09.20"]
[EventType "team"]
[EventRounds "5"]
[EventCountry "ESP"]
[Source "lmi"]
[SourceDate "2009.09.20"]
[WhiteTeam "CajaCanarias"]
[BlackTeam "Kutxa-Gros"]
[WhiteTeamCountry "ESP"]
[BlackTeamCountry "ESP"]

1. d4 Nf6 2. c4 e6 3. Nc3 Bb4 4. e3 O-O 5. Bd3 c5 6. Nge2 d5 7. cxd5 cxd4 8.
exd4 Nxd5 9. O-O Nc6 10. Be4 Nf6 11. Bf3 h6 12. a3 Bd6 13. b4 e5 14. Bxc6 bxc6
15. dxe5 Bxe5 16. Bf4 Bxf4 17. Nxf4 a5 1/2-1/2

[Event "España tch DH-2 2009"]
[Site "Lugo"]
[Date "2009.09.21"]
[Round "2.14"]
[White "Vera, Reynaldo"]
[Black "Bauer, Christian"]
[Result "1/2-1/2"]
[WhiteElo "2491"]
[BlackElo "2590"]
[PlyCount "45"]
[EventDate "2009.09.20"]
[EventType "team"]
[EventRounds "5"]
[EventCountry "ESP"]
[Source "lmi"]
[SourceDate "2009.09.20"]
[WhiteTeam "CajaCanarias"]
[BlackTeam "Kutxa-Gros"]
[WhiteTeamCountry "ESP"]
[BlackTeamCountry "ESP"]

1. d4 d5 2. c4 e5 3. dxe5 d4 4. Nf3 Nc6 5. a3 Be6 6. Nbd2 Nge7 7. g3 Ng6 8. Bg2
Be7 9. O-O O-O 10. Nb3 Bxc4 11. Nbxd4 Nxd4 12. Nxd4 Nxe5 13. Bxb7 Rb8 14. Bg2
Bf6 15. Bf4 Rxb2 16. Rc1 Bd5 17. Bxd5 Qxd5 18. Nc6 Qe4 19. Qd4 Rxe2 20. Qxe4
Rxe4 21. Bxe5 Bxe5 22. Nxe5 Rxe5 23. Rxc7 1/2-1/2

[Event "España tch DH-2 2009"]
[Site "Lugo"]
[Date "2009.09.21"]
[Round "2.15"]
[White "San Segundo Carrillo, Pablo"]
[Black "Fernandez Garcia, Jose Luis"]
[Result "1/2-1/2"]
[WhiteElo "2565"]
[BlackElo "2431"]
[PlyCount "31"]
[EventDate "2009.09.20"]
[EventType "team"]
[EventRounds "5"]
[EventCountry "ESP"]
[Source "lmi"]
[SourceDate "2009.09.20"]
[WhiteTeam "Kutxa-Gros"]
[BlackTeam "CajaCanarias"]
[WhiteTeamCountry "ESP"]
[BlackTeamCountry "ESP"]

1. d4 Nf6 2. c4 g6 3. Nc3 d5 4. cxd5 Nxd5 5. e4 Nxc3 6. bxc3 Bg7 7. Bc4 c5 8.
Ne2 Nc6 9. Be3 cxd4 10. cxd4 Qa5+ 11. Bd2 Qh5 12. e5 Qg4 13. O-O Nxd4 14. Nxd4
Qxd4 15. Qa4+ Kf8 16. Bb5 1/2-1/2

[Event "España tch DH-2 2009"]
[Site "Lugo"]
[Date "2009.09.21"]
[Round "2.16"]
[White "Cabrera Trujillo, Jorge Juan"]
[Black "Cifuentes Parada, Roberto"]
[Result "1/2-1/2"]
[WhiteElo "2410"]
[BlackElo "2532"]
[PlyCount "105"]
[EventDate "2009.09.20"]
[EventType "team"]
[EventRounds "5"]
[EventCountry "ESP"]
[Source "lmi"]
[SourceDate "2009.09.20"]
[WhiteTeam "CajaCanarias"]
[BlackTeam "Kutxa-Gros"]
[WhiteTeamCountry "ESP"]
[BlackTeamCountry "ESP"]

1. e4 c5 2. Nf3 Nc6 3. Nc3 d6 4. d4 cxd4 5. Nxd4 Nf6 6. Bg5 Bd7 7. Qd2 h6 8.
Bxf6 gxf6 9. f4 Nxd4 10. Qxd4 Qa5 11. O-O-O Rc8 12. Kb1 Qc5 13. Qd2 f5 14. exf5
Bxf5 15. Bb5+ Kd8 16. Ba4 Qa5 17. Qe3 Bg7 18. Rd5 Rxc3 19. Rxa5 Rxe3 20. Rxf5
Rf8 21. Bb5 e6 22. Rh5 Re4 23. Rf1 Rb4 24. b3 f5 25. Bc4 d5 26. Bd3 a5 27. a3
Rb6 28. a4 Rf6 29. Rh3 Rg6 30. Rg3 Rxg3 31. hxg3 Ke7 32. Kc1 Rd6 33. Kd2 Rd8
34. Ke2 h5 35. Rh1 Rh8 36. Kf1 Bf6 37. Be2 h4 38. gxh4 Rxh4 39. Rxh4 Bxh4 40.
g4 fxg4 41. Bxg4 Bg3 42. f5 e5 43. c4 dxc4 44. bxc4 e4 45. Bh5 b6 46. Ke2 Kf6
47. Bg6 Bh4 48. Bh7 Ke5 49. Bg6 Bg5 50. Bh7 Kd4 51. Bg8 e3 52. Be6 Kc5 53. Kd3
1/2-1/2

[Event "España tch DH-2 2009"]
[Site "Lugo"]
[Date "2009.09.21"]
[Round "2.22"]
[White "Lopez Martinez, Josep Manuel"]
[Black "Landa, Konstantin"]
[Result "1/2-1/2"]
[WhiteElo "2570"]
[BlackElo "2655"]
[PlyCount "88"]
[EventDate "2009.09.20"]
[EventType "team"]
[EventRounds "5"]
[EventCountry "ESP"]
[Source "lmi"]
[SourceDate "2009.09.20"]
[WhiteTeam "U.G.A."]
[BlackTeam "Merida Patrimonio-Ajoblanco"]
[WhiteTeamCountry "ESP"]
[BlackTeamCountry "ESP"]

1. e4 d5 2. exd5 Qxd5 3. Nc3 Qd6 4. d4 Nf6 5. Nf3 c6 6. Ne5 Nbd7 7. Nc4 Qc7 8.
a4 g6 9. g3 Bg7 10. Bg2 O-O 11. O-O Nb6 12. Nxb6 axb6 13. Bf4 Qd8 14. Re1 Be6
15. Be5 Qd7 16. Qe2 Rfe8 17. Rad1 Bg4 18. Bf3 Bxf3 19. Qxf3 Nd5 20. Bxg7 Kxg7
21. b3 Qf5 22. Qxf5 gxf5 23. Ne2 e6 24. Kg2 Red8 25. Rd3 b5 26. axb5 cxb5 27.
c4 Nb4 28. Rd2 Rac8 29. cxb5 Nd5 30. Ra1 Nc3 31. Ra7 Rd7 32. Rc2 Nxb5 33. Rxc8
Nxa7 34. Rc5 Nc6 35. Rb5 Na7 36. Rc5 Nc6 37. Rb5 Kf6 38. h3 h6 39. Rb6 Ne7 40.
Nf4 Nc8 41. Rb4 Nd6 42. Rb6 Nc8 43. Rb4 Nd6 44. Rb6 Nc8 1/2-1/2

[Event "España tch DH-2 2009"]
[Site "Lugo"]
[Date "2009.09.21"]
[Round "2.23"]
[White "Galkin, Alexander"]
[Black "Alsina Leal, Daniel"]
[Result "1/2-1/2"]
[WhiteElo "2608"]
[BlackElo "2544"]
[PlyCount "29"]
[EventDate "2009.09.20"]
[EventType "team"]
[EventRounds "5"]
[EventCountry "ESP"]
[Source "lmi"]
[SourceDate "2009.09.20"]
[WhiteTeam "Merida Patrimonio-Ajoblanco"]
[BlackTeam "U.G.A."]
[WhiteTeamCountry "ESP"]
[BlackTeamCountry "ESP"]

1. c4 e5 2. a3 Nf6 3. e3 c6 4. d4 exd4 5. Qxd4 d5 6. Nf3 Be7 7. Nc3 O-O 8. cxd5
cxd5 9. Be2 Nc6 10. Qd3 Bg4 11. O-O Qd7 12. b3 Rfd8 13. Bb2 Bf5 14. Qd1 d4 15.
exd4 1/2-1/2

[Event "España tch DH-2 2009"]
[Site "Lugo"]
[Date "2009.09.21"]
[Round "2.24"]
[White "Gonzalez Garcia, Jose"]
[Black "Safarli, Eltaj"]
[Result "1/2-1/2"]
[WhiteElo "2509"]
[BlackElo "2587"]
[PlyCount "53"]
[EventDate "2009.09.20"]
[EventType "team"]
[EventRounds "5"]
[EventCountry "ESP"]
[Source "lmi"]
[SourceDate "2009.09.20"]
[WhiteTeam "U.G.A."]
[BlackTeam "Merida Patrimonio-Ajoblanco"]
[WhiteTeamCountry "ESP"]
[BlackTeamCountry "ESP"]

1. d4 Nf6 2. c4 g6 3. Nc3 d5 4. cxd5 Nxd5 5. e4 Nxc3 6. bxc3 Bg7 7. Nf3 c5 8.
Be3 Qa5 9. Qd2 O-O 10. Rc1 Rd8 11. Bh6 cxd4 12. Bxg7 Kxg7 13. cxd4 Qxd2+ 14.
Kxd2 f5 15. Bd3 Nc6 16. Ke3 Be6 17. Bc4 fxe4 18. Ng5 Bf5 19. Rhd1 Rd6 20. Nxe4
Bxe4 21. Kxe4 e6 22. Bb5 Rc8 23. Rd2 a6 24. Bxc6 Rcxc6 25. Rxc6 Rxc6 26. a4 Kf6
27. a5 1/2-1/2